Itämeren laivat - Statistics

Yleistilastot
  • Tätä visaa on pelattu 71 kertaa
  • Keskiarvotulos 8 / 17
Vastaustilastot
Yhtiö Laiva % Oikein
Viking line Gabriella
69%
Silja line Silja Serenade
64%
Silja line Silja Symphony
62%
Silja line Baltic princess
58%
Viking line Viking Grace
58%
Tallink Megastar
55%
Silja line Galaxy
49%
Viking line Viking Glory
49%
Eckerö line Finlandia
45%
Tallink Star
45%
Viking line Cinderella
42%
Viking line Viking XPRS
40%
Tallink Silja Europa
38%
Tallink Baltic queen
33%
Viking line Rosella
33%
Tallink Isabelle
22%
Eckerö line Finbo cargo
16%
Ehtoja vastaavia visoja ei löytynyt
Tulosjakauma
Jokaisen tuloksen saaneiden osuus
Persentiili vastausten määrän mukaan
Tuloshistoriasi
Et ole pelannut tätä visaa